000 00876nam a22002417a 4500
005 20240530110439.0
008 150418s2009 ua a a 000 0 ara d
017 _a2009/16087
_bمصر . دار الكتب المصرية
020 _a9789774275218
040 _aEG-CaGPL
082 0 4 _221
_a813.01
_bط/هـ م
100 0 _aهدى مصطفى
245 1 0 _aمغامرات الساحر غوث /
_cبقلم هدى مصطفى ؛ تقديم فاروق شوشة ؛ صلاح بيصار .
250 _aط1.
260 _aالقاهرة :
_bالدار المصرية اللبنانية ،
_c2009.
300 _a83 ص ؛
_c24 سم.
650 0 4 _aالقصص العربية.
650 0 4 _aقصص الاطفال.
700 0 _aفاروق شوشة
_eمقدم.
700 0 _aصلاح بيصار
_eرسام.
942 _2ddc
_cBK
999 _c61015
_d61015